| 000 | 00475nam a2200169Ia 4500 | ||
|---|---|---|---|
| 999 |
_c25178 _d25178 |
||
| 008 | 141014s9999||||xx |||||||||||||| ||und|| | ||
| 010 | _a25028 | ||
| 020 | _aSISBN | ||
| 040 | _aANE | ||
| 041 | _aEs | ||
| 082 | _a100 B486t | ||
| 100 | _aBerkeley, George | ||
| 245 | _aTres Dialogos entre Hilas y Filonus | ||
| 250 | _a6ta Ed | ||
| 260 |
_aAguilar S.A. Buenos Aires, Argentina _c1978 |
||
| 300 |
_a175 p _c19 cm |
||
| 505 | _aNoticia biográfica.- Cronología de las obras Berkeley.- Tres diálogos entre hilas y filonus: Primer diálogo.- Segundo diálogo.- Tercer diálogo.- | ||
| 650 | _aDiálogos entre Hilas / Diálogos entre Filonus/ Tres diálogos | ||
| 942 |
_cBK _2ddc _zYP |
||